[Event "I liga CS 2016."]
[Site "Kragujevac,hotel Sumarice"]
[Date "2016.09.15"]
[Round "8.6"]
[White "Vojinovic, Luka"]
[Black "Nikolic, Dragovan"]
[Result "1-0"]
[WhiteElo "2152"]
[BlackElo "2227"]
[PlyCount "61"]
[EventDate "2016.09.10"]

1. d4 d5 2. Nf3 c5 3. e3 Nc6 4. b3 cxd4 5. exd4 e6 6. Bd3 Nf6 7. O-O Nb4 8. Be2
Bd6 9. Bb2 a5 10. c4 O-O 11. Nbd2 b6 12. Ne5 Bb7 13. a3 Nc6 14. Bd3 dxc4 15.
Ndxc4 Rc8 16. Qe2 Bc7 17. Rad1 Ne7 18. f4 Bd5 19. a4 Nc6 20. Bb1 Bd6 21. f5 Re8
22. fxe6 Bxe6 23. Rxf6 Bxc4 24. Qh5 gxf6 25. Nxc4 Qc7 26. Bf5 Rb8 27. Qh6 Bf4
28. Qxh7+ Kf8 29. d5 Rbd8 30. Bxf6 Ne7 31. Qg7# 1-0

[Event "I liga CS 2016."]
[Site "Kragujevac,hotel Sumarice"]
[Date "2016.09.15"]
[Round "8.6"]
[White "Vuckovic, Branko"]
[Black "Vlajkovic, Stanko"]
[Result "1-0"]
[WhiteElo "2263"]
[BlackElo "1959"]
[PlyCount "71"]
[EventDate "2016.09.10"]

1. e4 c6 2. d4 d6 3. Nc3 Nd7 4. f4 e5 5. Nf3 exd4 6. Qxd4 Qb6 7. Bc4 Ngf6 8.
Qxb6 Nxb6 9. Bb3 Be7 10. a4 d5 11. a5 Nc4 12. exd5 cxd5 13. Nxd5 Nxd5 14. Bxc4
Nb4 15. Bb3 Bf5 16. Ba4+ Kf8 17. Nd4 Be4 18. O-O Bc5 19. Be3 Rc8 20. Rfe1 g6
21. Ne6+ fxe6 22. Bxc5+ Rxc5 23. Rxe4 Nc6 24. Rae1 Nd8 25. b4 Rc7 26. Bb3 Kg7
27. Bxe6 Rxc2 28. Bd5 Rf8 29. g3 Rf5 30. Re7+ Kf6 31. Be4 Rb2 32. Bxf5 Kxf5 33.
h3 Kf6 34. g4 Rxb4 35. g5+ Kf5 36. Rd7 1-0